| 000 | 00846cam a2200217 i 4500 | ||
|---|---|---|---|
| 999 |
_c7735 _d7735 |
||
| 003 | OSt | ||
| 005 | 20200518121352.0 | ||
| 006 | m |o d | | ||
| 008 | 180207s2018 nju ob 001 0 eng | ||
| 020 | _a9781119225560 (pdf) | ||
| 020 | _z9781119225508 (pbk.) | ||
| 082 | 0 | 0 |
_a729EMM _223 |
| 100 | 1 |
_aEmmitt, Stephen, _eauthor. |
|
| 245 | 1 | 0 |
_aHandbook for the architectural manager / _cby Stephen Emmitt, University of Bath, UK; Dr Mohammed A Alharbi, Taibah University, Medina. |
| 300 | _a1 online resource. | ||
| 504 | _aIncludes bibliographical references and index. | ||
| 650 | 0 |
_aArchitectural practice _xManagement. |
|
| 700 | 1 |
_aAlharbi, Mohammed A., _eauthor. |
|
| 776 | 0 | 8 |
_iPrint version: _aEmmitt, Stephen, author. _tHandbook for the architectural manager _dHoboken : Wiley, 2018 _z9781119225508 _w(DLC) 2018005471 |
| 942 | _2ddc | ||